| 000 | 00753nam a2200217 a 4500 | ||
|---|---|---|---|
| 001 | 000040087 | ||
| 005 | 20201002033917.0 | ||
| 008 | 130806s1972 sp a 000 0 spa d | ||
| 020 | _a8421120115 | ||
| 040 |
_aDO-SdBNP _bspa _cBNPHU |
||
| 082 | _axxx | ||
| 100 | 1 |
_aDeleuze, Gilles _966347 |
|
| 240 | 1 | 0 |
_aL︡ Anti-Oedipe--Capitalism et Schizophrénie _lespañol |
| 245 | 1 | 3 |
_aEl antiedipo : _bcapitalismo y esquizofremia / _cGilles Deleuze, Felix Guattari ; traducción Francisco Monge. |
| 260 |
_aBarcelona : _bBarral Editores, _c1972. |
||
| 300 |
_a422 p. : _bil. ; _c24 cm. |
||
| 490 | 1 | _aBreve biblioteca de reforma | |
| 700 | 1 |
_aGuattari, Felix _966348 |
|
| 700 | 1 |
_aMonge, Francisco, _etr. _940337 |
|
| 830 | 0 |
_aBreve biblioteca de reforma _966349 |
|
| 999 |
_c39577 _d39577 |
||